[Event "Avoine op 37th"]
[Site "Avoine"]
[Date "2023.07.26"]
[Round "5"]
[White "Rabineau, Clement"]
[Black "Haub, Thorsten Michael"]
[Result "1-0"]
[WhiteElo "2201"]
[BlackElo "2393"]
[PlyCount "77"]
[EventDate "2023.07.22"]
[EventType "swiss"]
[EventRounds "9"]
[EventCountry "FRA"]
[SourceTitle "CBM 215 Extra"]
[Source "ChessBase"]
[SourceDate "2023.09.30"]
[SourceVersion "1"]
[SourceVersionDate "2023.09.30"]
[SourceQuality "1"]

1. e4 g6 2. d4 Bg7 3. Nc3 d6 4. f4 a6 5. Nf3 e6 6. e5 Ne7 7. Ne4 b5 8. Bd3 Bb7 9. 0-0 0-0 10. c3 Nbc6 11. Qe1 Nd5 12. Qg3 b4 13. Bd2 bxc3 14. bxc3 a5 15. Neg5 Nde7 16. Nxh7 Kxh7 17. Ng5+ Kg8 18. Qh3 Re8 19. Qh7+ Kf8 20. g4 Bc8 21. Rf3 Nf5 22. gxf5 exf5 23. Bc4 Re7 24. Rg3 d5 25. Bd3 Qe8 26. Qh4 Qd8 27. Bc1 Ke8 28. Ba3 Kd7 29. Qh7 Qf8 30. Bb5 Ra6 31. c4 Kd8 32. cxd5 Nxd4 33. Bc4 f6 34. Bxe7+ Qxe7 35. Qg8+ Bf8 36. Nh7 Ke8 37. Qxf8+ Qxf8 38. Nxf8 Kxf8 39. Bxa6 1-0

[Event "Titled Tuesday intern op 11th Apr Early"]
[Site "Chess.com INT"]
[Date "2023.04.11"]
[Round "1"]
[White "Haub, Thorsten Michael"]
[Black "Ismagilov, Damir"]
[Result "1-0"]
[WhiteElo "2411"]
[BlackElo "2156"]
[PlyCount "157"]
[EventDate "2023.04.11"]
[EventType "swiss (blitz)"]
[EventRounds "11"]
[EventCountry "USA"]
[SourceTitle "CBM 213 Extra"]
[Source "ChessBase"]
[SourceDate "2023.05.31"]
[SourceVersion "1"]
[SourceVersionDate "2023.05.31"]
[SourceQuality "1"]

1. g3 Nf6 2. Bg2 g6 3. d3 Bg7 4. e4 d6 5. Nf3 0-0 6. 0-0 e5 7. Nbd2 Nc6 8. c3 Ne7 9. Re1 Be6 10. d4 exd4 11. Nxd4 Bg4 12. Qb3 c5 13. N4f3 Qc7 14. Nc4 Nc6 15. Bf4 Be6 16. Bxd6 Bxc4 17. Bxc7 Bxb3 18. axb3 b6 19. Bd6 Rfd8 20. e5 Ne8 21. Ng5 Nxd6 22. Bxc6 Rac8 23. exd6 Rxc6 24. Rxa7 Rcxd6 25. Nxf7 Rd1 26. Rxd1 Rxd1+ 27. Kg2 Rd2 28. Ng5 Bh6 29. Ne4 Rxb2 30. Nf6+ Kf8 31. Nxh7+ Ke8 32. Nf6+ Kd8 33. Nd5 Rxb3 34. c4 b5 35. cxb5 Rxb5 36. Ra6 c4 37. Rxg6 Bf8 38. Ne3 Rc5 39. Rf6 Bg7 40. Rf5 Rc7 41. Rd5+ Ke8 42. Rd2 c3 43. Re2 Kf7 44. h4 Bh6 45. Rc2 Ke6 46. Kf3 Ke5 47. Ng4+ Kd4 48. Nxh6 Kd3 49. Rxc3+ Kxc3 50. Nf5 Kc4 51. Kg4 Kd5 52. f4 Ke6 53. h5 Rc5 54. Nd4+ Kf6 55. Kh4 Rc4 56. Nf3 Rc1 57. Kg4 Rh1 58. Ng5 Rh2 59. Ne4+ Kg7 60. Kg5 Re2 61. Nd6 Rd2 62. Nf5+ Kh7 63. g4 Rf2 64. Nd6 Rd2 65. Ne4 Rd4 66. Nf6+ Kg7 67. h6+ Kf7 68. Nh5 Rd8 69. Ng3 Rg8+ 70. Kh5 Ra8 71. g5 Ra4 72. f5 Ra3 73. Ne4 Rh3+ 74. Kg4 Re3 75. g6+ Kg8 76. Nf6+ Kf8 77. g7+ Kf7 78. g8Q+ Kxf6 79. Qg7# 1-0

[Event "Titled Tuesday intern op 11th Apr Early"]
[Site "Chess.com INT"]
[Date "2023.04.11"]
[Round "4"]
[White "Haub, Thorsten Michael"]
[Black "Mitrabha, Guha"]
[Result "0-1"]
[WhiteElo "2411"]
[BlackElo "2510"]
[PlyCount "168"]
[EventDate "2023.04.11"]
[EventType "swiss (blitz)"]
[EventRounds "11"]
[EventCountry "USA"]
[SourceTitle "CBM 213 Extra"]
[Source "ChessBase"]
[SourceDate "2023.05.31"]
[SourceVersion "1"]
[SourceVersionDate "2023.05.31"]
[SourceQuality "1"]

1. g3 d5 2. Bg2 c6 3. d3 e5 4. Nd2 Nf6 5. e4 Bd6 6. Ngf3 0-0 7. 0-0 Bg4 8. h3 Bh5 9. Qe1 Re8 10. a3 a5 11. b3 Nbd7 12. Nh4 Nc5 13. Bb2 Ne6 14. Ndf3 dxe4 15. dxe4 Qb8 16. Nf5 Bc7 17. Qe3 b5 18. Rfd1 Bg6 19. a4 bxa4 20. Rxa4 Bb6 21. Bxe5 Qa7 22. Qe1 Nc5 23. Nd6 Re6 24. Bxf6 Nxa4 25. Ba1 Nc5 26. Ng5 Ree8 27. Qc3 f6 28. Qc4+ Kf8 29. Nf3 Nxe4 30. Nxe4 Bxe4 31. Nd4 Bxg2 32. Kxg2 Bxd4 33. Rxd4 Qf7 34. Qxc6 Rac8 35. Qd6+ Kg8 36. c4 Qb7+ 37. Qd5+ Qxd5+ 38. Rxd5 Rb8 39. Rxa5 Rxb3 40. c5 Re7 41. Bd4 Kf7 42. Ra6 Rc7 43. h4 Rb4 44. Be3 Re4 45. Kf3 Re6 46. Ra5 h5 47. Kf4 Kg6 48. Kf3 Re5 49. g4 hxg4+ 50. Kxg4 Rc8 51. Kg3 Rh8 52. Ra7 Re6 53. Rc7 Ra8 54. c6 Ra6 55. h5+ Kxh5 56. Rxg7 Raxc6 57. Rh7+ Kg6 58. Rh6+ Kg7 59. Rh4 Re8 60. Rg4+ Kf7 61. Rd4 Rce6 62. Kf3 Rh8 63. Rd7+ Kg6 64. Rd4 Rh3+ 65. Kg2 Rh5 66. Rg4+ Kf5 67. Rg3 Re8 68. Rf3+ Ke6 69. Rg3 Kf7 70. Kf3 Rg8 71. Bf4 Rxg3+ 72. fxg3 Rb5 73. g4 Ke6 74. Be3 Rb4 75. Bf4 Kd5 76. g5 f5 77. g6 Ke6 78. Bh6 Rh4 79. g7 Kf7 80. Bg5 Rg4 81. Bh6 Rg6 82. Be3 Kxg7 83. Kf4 Kf6 84. Bd4+ Ke6 0-1

[Event "Titled Tuesday intern op 11th Apr Early"]
[Site "Chess.com INT"]
[Date "2023.04.11"]
[Round "2"]
[White "Manukyan, Sargis A"]
[Black "Haub, Thorsten Michael"]
[Result "0-1"]
[WhiteElo "2158"]
[BlackElo "2411"]
[PlyCount "92"]
[EventDate "2023.04.11"]
[EventType "swiss (blitz)"]
[EventRounds "11"]
[EventCountry "USA"]
[SourceTitle "CBM 213 Extra"]
[Source "ChessBase"]
[SourceDate "2023.05.31"]
[SourceVersion "1"]
[SourceVersionDate "2023.05.31"]
[SourceQuality "1"]

1. d4 g6 2. c4 Bg7 3. Nc3 c5 4. d5 Nf6 5. Nf3 0-0 6. h3 d6 7. Bf4 Na6 8. e3 Nc7 9. a4 a6 10. Be2 Rb8 11. a5 Bd7 12. 0-0 b5 13. axb6 Rxb6 14. Qc2 Qb8 15. Ra2 Qb7 16. e4 Rb8 17. Rb1 e5 18. dxe6 Nxe6 19. Bh2 Nd4 20. Nxd4 cxd4 21. Nd5 Nxd5 22. exd5 Rb3 23. g4 Be5 24. Bxe5 dxe5 25. Bd3 f5 26. gxf5 Rxd3 27. Qxd3 Bxf5 28. Qd1 Bxb1 29. Qxb1 Qb3 30. Ra3 Qxa3 31. Qe4 Qd6 32. c5 Qxc5 33. Qxe5 Rf8 34. Qe6+ Kg7 35. Qe5+ Rf6 36. Kg2 Qd6 37. Qxd4 h5 38. Qa7+ Rf7 39. Qd4+ Kh7 40. h4 Rd7 41. Qe3 Qxd5+ 42. f3 Qd2+ 43. Qxd2 Rxd2+ 44. Kh3 Rxb2 45. f4 Rb3+ 46. Kh2 a5 0-1

[Event "Titled Tuesday intern op 11th Apr Early"]
[Site "Chess.com INT"]
[Date "2023.04.11"]
[Round "5"]
[White "Wong, Yinn Long"]
[Black "Haub, Thorsten Michael"]
[Result "1-0"]
[WhiteElo "2371"]
[BlackElo "2411"]
[PlyCount "115"]
[EventDate "2023.04.11"]
[EventType "swiss (blitz)"]
[EventRounds "11"]
[EventCountry "USA"]
[SourceTitle "CBM 213 Extra"]
[Source "ChessBase"]
[SourceDate "2023.05.31"]
[SourceVersion "1"]
[SourceVersionDate "2023.05.31"]
[SourceQuality "1"]

1. b3 d6 2. Bb2 e5 3. d3 Nf6 4. c4 g6 5. g3 Bg7 6. Bg2 0-0 7. Qc2 Qe7 8. a3 Nc6 9. Nd2 a5 10. e3 Nh5 11. Ne2 f5 12. Bd5+ Kh8 13. 0-0-0 Be6 14. Nc3 Nf6 15. Bxe6 Qxe6 16. Rhe1 d5 17. cxd5 Nxd5 18. Nxd5 Qxd5 19. Qc4 Qd6 20. f4 Rfd8 21. Nf3 Rd7 22. Kc2 Rb8 23. fxe5 Nxe5 24. Nxe5 Bxe5 25. Bxe5+ Qxe5 26. Qc3 Qxc3+ 27. Kxc3 Re8 28. Rb1 b6 29. b4 axb4+ 30. axb4 Rde7 31. Kd2 Kg7 32. Rbc1 Rd8 33. Rc3 Rdd7 34. Ra1 g5 35. Rc6 Rf7 36. Rf1 Rf6 37. Rxf6 Kxf6 38. e4 f4 39. gxf4 gxf4 40. Rxf4+ Ke6 41. Ke3 Rg7 42. Rh4 Kd6 43. Kd4 Kc6 44. Kc4 b5+ 45. Kd4 Kb6 46. Rh6+ c6 47. h3 Kb7 48. e5 Rd7+ 49. Ke4 Kc7 50. e6 Rg7 51. Ke5 c5 52. Kf6 Rg3 53. Rxh7+ Kc6 54. bxc5 b4 55. Rh8 Rxd3 56. e7 Rf3+ 57. Kg5 Re3 58. e8Q+ 1-0

[Event "Chessable Masters Play In"]
[Site "Chess.com INT"]
[Date "2023.03.13"]
[Round "1"]
[White "Haub, Thorsten Michael"]
[Black "Durarbayli, Vasif"]
[Result "1/2-1/2"]
[WhiteElo "2417"]
[BlackElo "2635"]
[PlyCount "135"]
[EventDate "2023.03.13"]
[EventType "swiss (rapid)"]
[EventRounds "9"]
[EventCountry "USA"]
[SourceTitle "CBM 213 Extra"]
[Source "ChessBase"]
[SourceDate "2023.05.31"]
[SourceVersion "1"]
[SourceVersionDate "2023.05.31"]
[SourceQuality "1"]

1. Nf3 c5 2. g3 b6 3. Bg2 Bb7 4. 0-0 Nf6 5. d3 e6 6. Nbd2 Be7 7. e4 d6 8. a4 a6 9. Ne1 Qc7 10. f4 Nc6 11. c3 h6 12. Nc2 d5 13. e5 Nd7 14. h3 g5 15. d4 gxf4 16. Rxf4 Rg8 17. Nf1 Rg7 18. Rf2 Bg5 19. Bxg5 Rxg5 20. Nce3 Ne7 21. b4 cxd4 22. cxd4 Rc8 23. Rc2 Qd8 24. Rac1 Rxc2 25. Qxc2 Nc6 26. Qd2 b5 27. a5 Qe7 28. Nc2 f6 29. exf6 Nxf6 30. Re1 Kd7 31. h4 Rg6 32. Bh3 Ne4 33. Rxe4 dxe4 34. d5 Ne5 35. dxe6+ Ke8 36. Qf4 Qf6 37. Qxf6 Rxf6 38. Nfe3 Bc8 39. Nd5 Rf3 40. Kg2 Nc4 41. Bg4 Bxe6 42. Bxe6 Rd3 43. Ne1 Rxd5 44. Bxd5 Ne3+ 45. Kf2 Nxd5 46. Nc2 h5 47. g4 hxg4 48. Kg3 e3 49. Kxg4 e2 50. Kf3 Nxb4 51. Ne1 Nc6 52. Kxe2 Nxa5 53. Kd3 Nc6 54. Nc2 Kf7 55. Ke4 Ke6 56. h5 a5 57. h6 Kf6 58. Ne3 Kg6 59. Kd5 Na7 60. Kc5 b4 61. Nc4 b3 62. Kb6 a4 63. Kxa7 Kxh6 64. Na3 Kg5 65. Kb6 Kf4 66. Kb5 Ke3 67. Kxa4 Kd3 68. Kxb3 1/2-1/2

[Event "Chessable Masters Play In"]
[Site "Chess.com INT"]
[Date "2023.03.13"]
[Round "4"]
[White "Haub, Thorsten Michael"]
[Black "Svane, Rasmus"]
[Result "0-1"]
[WhiteElo "2417"]
[BlackElo "2620"]
[PlyCount "52"]
[EventDate "2023.03.13"]
[EventType "swiss (rapid)"]
[EventRounds "9"]
[EventCountry "USA"]
[SourceTitle "CBM 213 Extra"]
[Source "ChessBase"]
[SourceDate "2023.05.31"]
[SourceVersion "1"]
[SourceVersionDate "2023.05.31"]
[SourceQuality "1"]

1. Nf3 d5 2. g3 Nc6 3. a3 e5 4. d3 a5 5. b3 Nf6 6. Bb2 Bd6 7. Nfd2 Bg4 8. h3 Bc8 9. e4 Be6 10. Nc3 0-0 11. Bg2 dxe4 12. Ndxe4 Nxe4 13. dxe4 Bc5 14. Nd5 Qd7 15. Qd2 f6 16. f4 Rfd8 17. fxe5 Nxe5 18. 0-0-0 Bd6 19. Rhf1 Qf7 20. Qe3 a4 21. Nf4 axb3 22. Nxe6 bxc2 23. Rxd6 Rxd6 24. Nd4 Qc4 25. Qc3 Nd3+ 26. Kxc2 Nxb2 0-1

[Event "Airthings Masters Play In"]
[Site "Chess.com INT"]
[Date "2023.02.03"]
[Round "7"]
[White "Haub, Thorsten Michael"]
[Black "Arjun, Kalyan"]
[Result "0-1"]
[WhiteElo "2414"]
[BlackElo "2516"]
[PlyCount "58"]
[EventDate "2023.02.03"]
[EventType "swiss (rapid)"]
[EventRounds "9"]
[EventCountry "USA"]
[SourceTitle "CBM 212 Extra"]
[Source "ChessBase"]
[SourceDate "2023.03.31"]
[SourceVersion "1"]
[SourceVersionDate "2023.03.31"]
[SourceQuality "1"]

1. Nf3 d5 2. g3 Bg4 3. Bg2 c6 4. d3 Nd7 5. 0-0 e5 6. e4 Ngf6 7. Nbd2 Be7 8. Qe1 dxe4 9. Nxe4 0-0 10. a4 Nd5 11. Bd2 a5 12. Nc3 Nb4 13. Qc1 h6 14. Re1 Bd6 15. Ne4 Bc7 16. Bc3 f5 17. Ned2 Re8 18. Nc4 Bxf3 19. Bxf3 Nd5 20. Bd2 N7f6 21. Ne3 f4 22. Nxd5 cxd5 23. c4 e4 24. Bg2 e3 25. fxe3 fxg3 26. cxd5 gxh2+ 27. Kh1 Nh5 28. Qc2 Ng3+ 29. Kxh2 Ne2+ 0-1

[Event "Airthings Masters Play In"]
[Site "Chess.com INT"]
[Date "2023.02.03"]
[Round "1"]
[White "Jumabayev, Rinat"]
[Black "Haub, Thorsten Michael"]
[Result "1-0"]
[WhiteElo "2609"]
[BlackElo "2414"]
[PlyCount "61"]
[EventDate "2023.02.03"]
[EventType "swiss (rapid)"]
[EventRounds "9"]
[EventCountry "USA"]
[SourceTitle "CBM 212 Extra"]
[Source "ChessBase"]
[SourceDate "2023.03.31"]
[SourceVersion "1"]
[SourceVersionDate "2023.03.31"]
[SourceQuality "1"]

1. c4 g6 2. g3 Bg7 3. Bg2 Nf6 4. Nf3 0-0 5. d4 c6 6. 0-0 d6 7. Nc3 Qa5 8. h3 e5 9. e4 Re8 10. Be3 Nbd7 11. Qc2 exd4 12. Nxd4 Ne5 13. b3 a6 14. Rad1 c5 15. Nde2 Qc7 16. Bg5 h6 17. Bxf6 Bxf6 18. Qd2 Bxh3 19. Qxh6 Bxg2 20. Kxg2 Bg7 21. Qh3 Rad8 22. Rh1 Qd7 23. Qh7+ Kf8 24. f3 Nc6 25. Nd5 Nd4 26. Nef4 Re5 27. Rh6 Ne6 28. Rxg6 fxg6 29. Nxg6+ Kf7 30. Nxe5+ dxe5 31. Qf5+ 1-0

[Event "Airthings Masters Play In"]
[Site "Chess.com INT"]
[Date "2023.02.03"]
[Round "4"]
[White "Tang, Andrew"]
[Black "Haub, Thorsten Michael"]
[Result "1-0"]
[WhiteElo "2522"]
[BlackElo "2414"]
[PlyCount "51"]
[EventDate "2023.02.03"]
[EventType "swiss (rapid)"]
[EventRounds "9"]
[EventCountry "USA"]
[SourceTitle "CBM 212 Extra"]
[Source "ChessBase"]
[SourceDate "2023.03.31"]
[SourceVersion "1"]
[SourceVersionDate "2023.03.31"]
[SourceQuality "1"]

1. d4 g6 2. c4 Bg7 3. Nc3 c5 4. d5 Nf6 5. e4 d6 6. Nge2 0-0 7. Ng3 e6 8. Be2 exd5 9. cxd5 h5 10. Bg5 Nbd7 11. 0-0 a6 12. a4 Qb6 13. Qd2 Re8 14. h3 Rb8 15. a5 Qc7 16. f4 b5 17. e5 dxe5 18. f5 e4 19. d6 Qc6 20. fxg6 fxg6 21. Bh6 h4 22. Qg5 Bxh6 23. Qxg6+ Kh8 24. Qxh6+ Nh7 25. Rf7 Ndf8 26. Qg7# 1-0

[Event "BEL-chT 2122"]
[Site "Belgium"]
[Date "2022.03.20"]
[Round "4.6"]
[White "Elgersma, Onno"]
[Black "Haub, Thorsten Michael"]
[Result "1/2-1/2"]
[WhiteElo "2313"]
[BlackElo "2428"]
[PlyCount "121"]
[EventDate "2021.10.24"]
[EventType "team-tourn"]
[EventRounds "11"]
[EventCountry "BEL"]
[SourceTitle "EXT 2023"]
[Source "ChessBase"]
[SourceDate "2022.10.05"]
[SourceVersion "1"]
[SourceVersionDate "2022.10.05"]
[SourceQuality "1"]
[WhiteTeam "Wachtebeke"]
[BlackTeam "Wirtzfeld"]
[WhiteTeamCountry "BEL"]
[BlackTeamCountry "BEL"]

1. e4 g6 2. d4 Bg7 3. Nf3 d6 4. Bc4 a6 5. 0-0 e6 6. Re1 b5 7. Bb3 Nd7 8. a4 Rb8 9. axb5 axb5 10. Nbd2 c5 11. c3 Ne7 12. Nf1 0-0 13. Bf4 e5 14. Bg5 h6 15. Be3 Bb7 16. Ng3 Qc7 17. Qd2 c4 18. Bc2 Kh7 19. h4 Nf6 20. Nh2 Bc8 21. f4 b4 22. h5 Ng4 23. Nxg4 Bxg4 24. fxe5 bxc3 25. bxc3 dxe5 26. d5 Nc8 27. Ra6 Bd7 28. Rf1 Nd6 29. Qf2 Bb5 30. Ra7 Rb7 31. Rxb7 Nxb7 32. Ra1 Rb8 33. Nf1 Be8 34. Nh2 Qc8 35. Ra7 Ra8 36. Nf3 Rxa7 37. Bxa7 Nd6 38. hxg6+ fxg6 39. Bc5 Qa6 40. Bb4 Nf7 41. Kh2 h5 42. Bd1 Qf6 43. Qh4 Qxh4+ 44. Nxh4 Ng5 45. Bc2 Bf6 46. Nf3 Nxf3+ 47. gxf3 g5 48. Bd1 Kg6 49. Be2 Bb5 50. Bd6 Kf7 51. Bf1 Ke8 52. Kg1 Kd7 53. Bc5 Ke8 54. Kf2 Be7 55. Be3 Bf6 56. Ba7 Kd8 57. Bb6+ Kc8 58. Be2 Kb7 59. Bc5 Kc7 60. Bb4 Kd8 61. Bc5 1/2-1/2

[Event "Tetraktys Concept Mgmt"]
[Site "Europe Echecs INT"]
[Date "2021.06.06"]
[Round "7"]
[White "Haub, Thorsten Michael"]
[Black "Berger Dit Lacroix, Kilian"]
[Result "1-0"]
[WhiteElo "2426"]
[BlackElo "2114"]
[PlyCount "35"]
[EventDate "2021.06.06"]
[EventType "swiss (blitz)"]
[EventRounds "11"]
[EventCountry "FRA"]
[SourceTitle "CBM 202 Extra"]
[Source "ChessBase"]
[SourceDate "2021.07.31"]
[SourceVersion "1"]
[SourceVersionDate "2021.07.31"]
[SourceQuality "1"]

1. Nf3 g6 2. g3 Bg7 3. d3 Nf6 4. e4 d6 5. Bg2 0-0 6. 0-0 e5 7. Nbd2 Nbd7 8. a4 c6 9. a5 Re8 10. b3 Nc5 11. Nc4 Qc7 12. Ba3 Be6 13. Bxc5 dxc5 14. Nfxe5 Nd7 15. Nxd7 Bxa1 16. Qxa1 Bxc4 17. Nf6+ Kf8 18. Nxe8 1-0

[Event "Tetraktys Concept Mgmt"]
[Site "Europe Echecs INT"]
[Date "2021.06.06"]
[Round "5"]
[White "Haub, Thorsten Michael"]
[Black "Heng, Jim"]
[Result "1-0"]
[WhiteElo "2426"]
[BlackElo "1921"]
[PlyCount "47"]
[EventDate "2021.06.06"]
[EventType "swiss (blitz)"]
[EventRounds "11"]
[EventCountry "FRA"]
[SourceTitle "CBM 202 Extra"]
[Source "ChessBase"]
[SourceDate "2021.07.31"]
[SourceVersion "1"]
[SourceVersionDate "2021.07.31"]
[SourceQuality "1"]

1. Nf3 Nf6 2. g3 d5 3. d3 c5 4. Nbd2 Nc6 5. Bg2 e5 6. e4 Be7 7. 0-0 0-0 8. c3 Be6 9. exd5 Bxd5 10. Re1 Qc7 11. Ne4 Rfd8 12. Qe2 c4 13. Nxf6+ Bxf6 14. dxc4 Be6 15. Bg5 Bxg5 16. Nxg5 Re8 17. Rad1 Bf5 18. Bd5 Bg6 19. h4 h6 20. h5 Bxh5 21. Qxh5 hxg5 22. Kg2 Nd8 23. Rh1 Ne6 24. Qh8# 1-0

[Event "Tetraktys Concept Mgmt"]
[Site "Europe Echecs INT"]
[Date "2021.06.06"]
[Round "4"]
[White "Mamedov, Rauf"]
[Black "Haub, Thorsten Michael"]
[Result "1-0"]
[WhiteElo "2654"]
[BlackElo "2426"]
[PlyCount "61"]
[EventDate "2021.06.06"]
[EventType "swiss (blitz)"]
[EventRounds "11"]
[EventCountry "FRA"]
[SourceTitle "CBM 202 Extra"]
[Source "ChessBase"]
[SourceDate "2021.07.31"]
[SourceVersion "1"]
[SourceVersionDate "2021.07.31"]
[SourceQuality "1"]

1. e4 g6 2. d4 Bg7 3. Nc3 d6 4. Nf3 a6 5. Bc4 e6 6. Bb3 Ne7 7. a4 b6 8. 0-0 h6 9. Re1 Nd7 10. Bf4 0-0 11. Qd2 Kh7 12. Rad1 Qe8 13. Bg3 Bb7 14. h4 Nf6 15. Qe2 d5 16. exd5 Nexd5 17. Nxd5 Nxd5 18. c4 Ne7 19. d5 Qc8 20. dxe6 fxe6 21. Qxe6 Bxf3 22. gxf3 Nf5 23. Rd7 Nd4 24. Qe7 Nxf3+ 25. Kf1 Qxd7 26. Qxd7 Rad8 27. Qxc7 Nxe1 28. Kxe1 Rfe8+ 29. Kf1 Rd3 30. Bc2 Rd2 31. Qc6 1-0

[Event "GER-chT Online Liga 1 GpB"]
[Site "Playchess.com INT"]
[Date "2021.03.22"]
[Round "7.1"]
[White "Haub, Thorsten Michael"]
[Black "Perestjuk, Marko"]
[Result "1-0"]
[WhiteElo "2426"]
[BlackElo "2160"]
[PlyCount "129"]
[EventDate "2021.01.18"]
[EventType "team-tourn (rapid)"]
[EventRounds "7"]
[EventCountry "GER"]
[SourceTitle "EXT 2022"]
[Source "ChessBase"]
[SourceDate "2021.10.06"]
[SourceVersion "1"]
[SourceVersionDate "2021.10.06"]
[SourceQuality "1"]
[WhiteTeam "Plettenberg"]
[BlackTeam "Spandau Zitadelle"]
[WhiteTeamCountry "GER"]
[BlackTeamCountry "GER"]

1. Nf3 d5 2. g3 g6 3. d3 Bg7 4. Nbd2 e5 5. Bg2 Ne7 6. 0-0 0-0 7. e4 Nbc6 8. c3 h6 9. b4 a6 10. Bb2 Re8 11. Re1 Be6 12. a3 Qd7 13. Qc2 Rac8 14. exd5 Nxd5 15. Rad1 Nb6 16. Ne4 Bg4 17. Nc5 Qf5 18. Qe2 Rb8 19. Rb1 Nd7 20. Ne4 Nf6 21. Nxf6+ Bxf6 22. Qe3 Rbd8 23. Rbd1 e4 24. dxe4 Rxd1 25. Rxd1 Rxe4 26. Qd3 Re7 27. Qxf5 Bxf5 28. Re1 Rd7 29. h3 Rd3 30. g4 Be6 31. Nd4 Nxd4 32. cxd4 Bh4 33. d5 Bd7 34. Re2 Bb5 35. Rc2 Bg5 36. Be5 Bd8 37. Bxc7 Ba4 38. Rc1 Bg5 39. f4 Bf6 40. Be5 Bxe5 41. fxe5 Rxa3 42. Rc8+ Kg7 43. Rc7 Kf8 44. d6 Re3 45. Re7 Bc6 46. Kf2 Rb3 47. Bxc6 bxc6 48. Rc7 Ke8 49. Rxc6 Rxb4 50. Ke3 Rb3+ 51. Kd4 Rxh3 52. Rxa6 Rg3 53. Kd5 Rxg4 54. Ra8+ Kd7 55. Rf8 Rf4 56. Rxf7+ Rxf7 57. e6+ Ke8 58. exf7+ Kxf7 59. Kc6 h5 60. d7 Ke7 61. Kc7 Kf6 62. d8Q+ Kf5 63. Qh4 Ke6 64. Qg5 Kf7 65. Kd7 1-0

[Event "Cappelle Online Blitz op"]
[Site "Europe Echecs INT"]
[Date "2021.03.07"]
[Round "5"]
[White "Haub, Thorsten Michael"]
[Black "Jourdain, Antoine"]
[Result "1-0"]
[WhiteElo "2426"]
[BlackElo "1883"]
[PlyCount "65"]
[EventDate "2021.03.07"]
[EventType "swiss (blitz)"]
[EventRounds "11"]
[EventCountry "FRA"]
[SourceTitle "CBM 201 Extra"]
[Source "ChessBase"]
[SourceDate "2021.05.31"]
[SourceVersion "1"]
[SourceVersionDate "2021.05.31"]
[SourceQuality "1"]

1. Nf3 Nf6 2. g3 g6 3. Bg2 Bg7 4. 0-0 0-0 5. d3 d6 6. e4 e5 7. Nbd2 Nbd7 8. a4 c5 9. Nc4 Qc7 10. c3 b6 11. Nfd2 Bb7 12. Ne3 Rfd8 13. Qb3 Nf8 14. Ndc4 Ne6 15. Nd5 Nxd5 16. exd5 Nf8 17. a5 Nd7 18. Bg5 Re8 19. a6 Bc8 20. Qb5 f6 21. Qc6 Qxc6 22. dxc6 fxg5 23. cxd7 Bxd7 24. Bxa8 Rxa8 25. Nxd6 Bc6 26. Nc4 Rd8 27. Rfe1 Rxd3 28. Nxe5 Bxe5 29. Rxe5 Rd2 30. Re7 Rxb2 31. Rxa7 Rb3 32. Rc7 Bf3 33. a7 1-0

[Event "Cappelle Online Blitz op"]
[Site "Europe Echecs INT"]
[Date "2021.03.07"]
[Round "3"]
[White "Haub, Thorsten Michael"]
[Black "Solodovnichenko, Yuri"]
[Result "0-1"]
[WhiteElo "2426"]
[BlackElo "2546"]
[PlyCount "96"]
[EventDate "2021.03.07"]
[EventType "swiss (blitz)"]
[EventRounds "11"]
[EventCountry "FRA"]
[SourceTitle "CBM 201 Extra"]
[Source "ChessBase"]
[SourceDate "2021.05.31"]
[SourceVersion "1"]
[SourceVersionDate "2021.05.31"]
[SourceQuality "1"]

1. Nf3 d5 2. g3 Nf6 3. Bg2 c6 4. d3 Bg4 5. 0-0 e6 6. Qe1 Nbd7 7. e4 dxe4 8. dxe4 e5 9. Nbd2 Bc5 10. h3 Bh5 11. Nc4 Qc7 12. b4 Be7 13. Bb2 Bxf3 14. Bxf3 b5 15. Ne3 0-0 16. a4 a5 17. bxa5 Qxa5 18. Qxa5 Rxa5 19. axb5 Rxb5 20. Bc3 Bb4 21. Bxb4 Rxb4 22. Ra6 Rc8 23. Rd1 g6 24. Ng4 Kg7 25. Ra7 h5 26. Nxf6 Nxf6 27. h4 Rc4 28. Rd2 Rb8 29. Re7 Nxe4 30. Rdd7 Rf8 31. Rc7 Nd2 32. Bxc6 Rxc2 33. Bd5 Rxc7 34. Rxc7 e4 35. Rc2 Nf3+ 36. Kf1 f5 37. Rc7+ Kf6 38. Rc6+ Ke5 39. Bc4 Rb8 40. Rxg6 Nd2+ 41. Kg2 Nxc4 42. Rh6 Rb2 43. Kg1 e3 44. fxe3 Nxe3 45. Rg6 Ke4 46. Rg5 Kf3 47. Kh1 Rb1+ 48. Kh2 Ng4+ 0-1

[Event "Cappelle Online Blitz op"]
[Site "Europe Echecs INT"]
[Date "2021.03.07"]
[Round "11"]
[White "Li, Shanglin B"]
[Black "Haub, Thorsten Michael"]
[Result "1-0"]
[WhiteElo "2190"]
[BlackElo "2426"]
[PlyCount "77"]
[EventDate "2021.03.07"]
[EventType "swiss (blitz)"]
[EventRounds "11"]
[EventCountry "FRA"]
[SourceTitle "CBM 201 Extra"]
[Source "ChessBase"]
[SourceDate "2021.05.31"]
[SourceVersion "1"]
[SourceVersionDate "2021.05.31"]
[SourceQuality "1"]

1. d4 g6 2. e4 Bg7 3. Nc3 d6 4. Bf4 a6 5. Qd2 Nc6 6. Nf3 Bg4 7. Be3 Bxf3 8. gxf3 e5 9. dxe5 dxe5 10. 0-0-0 Qxd2+ 11. Rxd2 Nge7 12. Bc4 Nd4 13. f4 Nf3 14. Rdd1 b5 15. Nd5 Rc8 16. Nxe7 Kxe7 17. Bc5+ Kf6 18. Be2 Nh4 19. fxe5+ Ke6 20. Bg4+ f5 21. exf6+ Kxf6 22. Bxc8 Bh6+ 23. Be3 Bxe3+ 24. fxe3 Rxc8 25. Rhf1+ Ke5 26. Rd5+ Ke6 27. Rd2 g5 28. Rdf2 Ke5 29. Rf7 Kxe4 30. Rxh7 Kxe3 31. Re7+ Kd4 32. c3+ Kc5 33. Re5+ Kb6 34. Rxg5 Rh8 35. Rg4 Rh6 36. Rff4 Ng6 37. Rf6+ c6 38. Rgxg6 Rxh2 39. Rxc6+ 1-0

[Event "GER-chT Online Liga 1 GpB"]
[Site "Playchess.com INT"]
[Date "2021.02.08"]
[Round "3.1"]
[White "Bente, Bjoern"]
[Black "Haub, Thorsten Michael"]
[Result "0-1"]
[WhiteElo "2226"]
[BlackElo "2426"]
[PlyCount "54"]
[EventDate "2021.01.18"]
[EventType "team-tourn (rapid)"]
[EventRounds "7"]
[EventCountry "GER"]
[SourceTitle "EXT 2022"]
[Source "ChessBase"]
[SourceDate "2021.10.06"]
[SourceVersion "1"]
[SourceVersionDate "2021.10.06"]
[SourceQuality "1"]
[WhiteTeam "Hamburger SK II"]
[BlackTeam "Plettenberg"]
[WhiteTeamCountry "GER"]
[BlackTeamCountry "GER"]

1. d4 g6 2. c4 Bg7 3. Nc3 c5 4. d5 Nf6 5. e4 d6 6. Nf3 0-0 7. Be2 e6 8. 0-0 exd5 9. exd5 Re8 10. Bf4 Nh5 11. Bg5 f6 12. Be3 f5 13. g3 Nd7 14. Ng5 Rxe3 15. Ne6 Rxe6 16. dxe6 Ndf6 17. Bf3 Bxe6 18. Bxb7 Rb8 19. Bd5 Nxd5 20. Nxd5 Nf6 21. Rb1 Nxd5 22. cxd5 Bf7 23. b3 Bd4 24. Qf3 Qd7 25. h4 Qb7 26. h5 Bxd5 27. Qf4 Bh1 0-1